The theory and practice of change management/ (Record no. 603367)

000 -LEADER
fixed length control field 00433nam a22001577a 4500
020 ## - INTERNATIONAL STANDARD BOOK NUMBER
International Standard Book Number 9781137275349
082 ## - DEWEY DECIMAL CLASSIFICATION NUMBER
Classification number 658.406
Author Mark HAY
100 ## - MAIN ENTRY--PERSONAL NAME
Personal name Hayes, John
245 ## - TITLE STATEMENT
Title The theory and practice of change management/
Statement of responsibility, etc. John Hayes,
250 ## - EDITION STATEMENT
Edition statement 4th edition.
260 ## - PUBLICATION, DISTRIBUTION, ETC.
Place of publication, distribution, etc. London:
Name of publisher, distributor, etc. Palgrave Macmillan;
Date of publication, distribution, etc. 2014.
300 ## - PHYSICAL DESCRIPTION
Extent 521p.
563 ## - BINDING INFORMATION
Binding note PB.
650 ## - SUBJECT ADDED ENTRY--TOPICAL TERM
Topical term or geographic name entry element change management
-- managing change
942 ## - ADDED ENTRY ELEMENTS (KOHA)
Source of classification or shelving scheme
Koha item type Book
650 ## - SUBJECT ADDED ENTRY--TOPICAL TERM
-- 118416
Holdings
Withdrawn status Lost status Source of classification or shelving scheme Damaged status Not for loan Permanent Location Current Location Date acquired Total Checkouts Full call number Barcode Date last seen Price effective from Koha item type
          Central Library (CL) Central Library (CL) 10/08/2023   658.406 HAY NBS10142 10/08/2023 10/08/2023 Book
© 2023 Central Library, National University of Sciences and Technology. All Rights Reserved.